| Tag |
First Indicator |
Second Indicator |
Subfields |
| LEADER |
00000caa a2200000 4500 |
| 001 |
in00000023999 |
| 005 |
20151007055614.0 |
| 008 |
880827m19079999cou 00000 eng d |
| 035 |
|
|
|a (OCoLC)18419079
|
| 035 |
|
|
|9 AAB8699AM
|
| 040 |
|
|
|a TXA
|c TXA
|d UtOrBLW
|
| 043 |
|
|
|a n-us-co
|
| 049 |
|
|
|a TXAM
|c [A12593993]
|
| 050 |
|
4 |
|a TN210
|b .C68 v.11, no.3, pt.3
|
| 100 |
1 |
|
|a Ehnbom, L.
|
| 245 |
1 |
0 |
|a Geological sections in the vicinity of Golden.
|
| 300 |
|
|
|a pages 11-15. ;
|c 24 cm.
|
| 336 |
|
|
|a text
|b txt
|2 rdacontent
|
| 337 |
|
|
|a unmediated
|b n
|2 rdamedia
|
| 338 |
|
|
|a volume
|b nc
|2 rdacarrier
|
| 650 |
|
0 |
|a Geology
|z Colorado
|z Golden.
|
| 773 |
0 |
|
|7 nnas
|t Quarterly of the Colorado School of Mines.
|d Golden, Colorado School of Mines press, 1907- .
|g v. 11, no. 3.
|w (OCoLC)1564155
|
| 830 |
|
0 |
|a Colorado School of Mines quarterly ;
|v v.11, no.3.
|
| 999 |
|
|
|a MARS
|
| 999 |
f |
f |
|s 0a0586d8-e245-3385-a615-f82c4da137c1
|i b53541cb-69af-3560-b72b-087b5f4cd9b0
|t 0
|
| 952 |
f |
f |
|p normal
|a Texas A&M University
|b College Station
|c Sterling C. Evans Library
|d Evans: Library Stacks
|t 0
|e TN210 .C68 v.11 no.3 pt.3
|h Library of Congress classification
|i unmediated -- volume
|m A14812593993
|
| 998 |
f |
f |
|a TN210 .C68 v.11 no.3 pt.3
|t 0
|l Evans: Library Stacks
|